| 000 | 00494nam a22001457a 4500 | ||
|---|---|---|---|
| 008 | 110818s1994 ua|||||r|||| 000 0 ara d | ||
| 020 | _a9770804967 | ||
| 082 |
_222 _bي و ن _a347.07 |
||
| 100 | 1 |
_916642 _aيونس ، عبد الحميد |
|
| 245 |
_aحكايات قضائية / _cعبد الحميد يونس |
||
| 260 |
_aالقاهرة : _bدار أخبار اليوم ، _c1994. |
||
| 300 |
_a214 ص ؛ _c18 سم. |
||
| 650 |
_929574 _aالمحاكمات الجنائية |
||
| 942 |
_2ddc _cBB |
||
| 999 |
_c15866 _d15866 |
||